000 00276nam a22001097a 4500
082 _a823
_bSTA/B
100 _aSTAN & JAN BREENS
245 _aTHE BRENSTAIN BREARS AND TOO MUCH TV
260 _aNEW YORK
_bRANDOM HOUSE
_c1984
650 _aENGLISH STORY
_zUNITED STATES
942 _cBK
999 _c7531
_d7531